000 00330nam a2200133 i 4500
001 bg
100 1 _aKOTLARSKI, Witold
245 0 _aEksploatacja elektrociepłowni przemysłowych /
_cWitold Kotlarski.
260 _aLublin,
_c1981.
040 _cBPK
041 _apol
942 _cKS
008 s pl f |000 0 pol
999 _c20957
_d20957
856 _uhttp://koha.tu.koszalin.pl/cgi-bin/koha/opac-detail.pl?biblionumber=20957
_yKatalog online BPK